[Event "IND-ch U15 Girls 38th"]
[Site "New Delhi"]
[Date "2022.12.06"]
[Round "11"]
[White "Dakshita, Kumawat"]
[Black "Shriyana, S Mallya"]
[Result "1-0"]
[WhiteElo "1628"]
[BlackElo "1419"]
[PlyCount "109"]
[EventDate "2022.11.28"]
[EventType "swiss"]
[EventRounds "11"]
[EventCountry "IND"]
[SourceTitle "EXT 2024"]
[Source "ChessBase"]
[SourceDate "2023.10.10"]
[SourceVersion "1"]
[SourceVersionDate "2023.10.10"]
[SourceQuality "1"]

1. d4 d5 2. Bf4 Nf6 3. e3 c5 4. Nf3 Nc6 5. Nbd2 Qb6 6. dxc5 Qxc5 7. a3 g6 8. b4 Qb6 9. c4 Bg7 10. c5 Qd8 11. b5 Na5 12. Qa4 Bd7 13. Ne5 0-0 14. c6 bxc6 15. bxc6 Be8 16. Rc1 Nb7 17. Qa6 Nd6 18. c7 Qc8 19. Qxc8 Rxc8 20. Ba6 Bb5 21. Bxb5 Nxb5 22. Nc6 Rfe8 23. a4 Nxc7 24. Nxa7 Ra8 25. Rxc7 d4 26. e4 e5 27. Bg5 h6 28. Bxf6 Bxf6 29. 0-0 Bd8 30. Rb7 Bg5 31. Nc4 d3 32. g3 h5 33. h4 Bh6 34. Nd6 Rf8 35. a5 d2 36. Rd1 Rad8 37. Nab5 Ra8 38. Ra7 Rab8 39. Kf1 f5 40. exf5 gxf5 41. Ra6 Rf6 42. Rb6 Ra8 43. a6 e4 44. a7 e3 45. Rb8+ Rf8 46. Rxa8 Rxa8 47. fxe3 Bxe3 48. Ke2 Bh6 49. Nxf5 Re8+ 50. Kf3 Bf8 51. Rxd2 Bb4 52. Nc7 Rc8 53. Rb2 Rf8 54. a8Q Rxa8 55. Nxa8 1-0

[Event "IND-ch U15 Girls 38th"]
[Site "New Delhi"]
[Date "2022.12.05"]
[Round "10"]
[White "Shriyana, S Mallya"]
[Black "Kashthuri Bhai, R."]
[Result "1/2-1/2"]
[WhiteElo "1419"]
[BlackElo "1600"]
[PlyCount "103"]
[EventDate "2022.11.28"]
[EventType "swiss"]
[EventRounds "11"]
[EventCountry "IND"]
[SourceTitle "CBM 211 Extra"]
[Source "ChessBase"]
[SourceDate "2023.01.31"]
[SourceVersion "1"]
[SourceVersionDate "2023.01.31"]
[SourceQuality "1"]

1. e4 e5 2. Nf3 Nc6 3. d4 exd4 4. Nxd4 Nf6 5. Nc3 d6 6. Bb5 Bd7 7. Be3 Be7 8. Qd2 a6 9. Be2 Ng4 10. 0-0-0 Nxd4 11. Qxd4 Bf6 12. Qd2 Nxe3 13. Qxe3 Bxc3 14. Qxc3 Qg5+ 15. Kb1 Bc6 16. Bf3 0-0-0 17. h4 Qe5 18. Qb4 Rhe8 19. Rhe1 Kb8 20. a3 Qf4 21. Qb3 Re5 22. g3 Qf6 23. Qc3 Rde8 24. Re3 Bxe4 25. Bxe4 Rxe4 26. Qxf6 gxf6 27. Rf3 R8e6 28. b3 c6 29. Rdd3 Rg4 30. Rf5 Rg6 31. Rdf3 d5 32. Rh5 h6 33. Rhf5 Ka7 34. h5 Rg5 35. Rxf6 Rxh5 36. Rxf7 Re1+ 37. Kb2 d4 38. Rd7 Rd1 39. Rff7 Rb5 40. Rf4 c5 41. Rf6 c4 42. b4 a5 43. Rfd6 axb4 44. a4 c3+ 45. Kb3 Rb1+ 46. Kc4 b3 47. axb5 bxc2 48. Ra6+ Kb8 49. Rb6 c1Q 50. Rbxb7+ Kc8 51. Rbc7+ Kb8 52. Rb7+ 1/2-1/2

[Event "IND-ch U14 Girls 34th"]
[Site "Ahmedabad"]
[Date "2022.05.14"]
[Round "11"]
[White "Sachi, Jain"]
[Black "Shriyana, S Mallya"]
[Result "0-1"]
[WhiteElo "1768"]
[BlackElo "1353"]
[PlyCount "150"]
[EventDate "2022.05.09"]
[EventType "swiss"]
[EventRounds "11"]
[EventCountry "IND"]
[SourceTitle "EXT 2023"]
[Source "ChessBase"]
[SourceDate "2022.10.05"]
[SourceVersion "1"]
[SourceVersionDate "2022.10.05"]
[SourceQuality "1"]

1. e4 e6 2. d3 d5 3. Nd2 Nf6 4. g3 dxe4 5. dxe4 Nc6 6. Bg2 Bc5 7. Ngf3 e5 8. c3 a5 9. 0-0 h6 10. h3 Be6 11. Qe2 Qd7 12. Kh2 Rd8 13. Ne1 g5 14. Nb3 Bb6 15. f4 exf4 16. gxf4 a4 17. f5 Qd6+ 18. Kh1 axb3 19. fxe6 Qxe6 20. axb3 Ke7 21. Qf3 Ne5 22. Qf5 Nh5 23. Qxe6+ Kxe6 24. Kh2 Rd1 25. Nc2 Rxf1 26. Bxf1 Rd8 27. Be2 Nf6 28. Ra4 Nd3 29. Be3 Bxe3 30. Nxe3 Nxb2 31. Rd4 Rxd4 32. cxd4 Nxe4 33. Bg4+ Ke7 34. Nf5+ Kf6 35. Nxh6 Nd2 36. b4 Nd3 37. Bh5 b6 38. b5 Nf4 39. Bg4 Nb3 40. Ng8+ Kg7 41. Ne7 Nxd4 42. Nf5+ Nxf5 43. Bxf5 Kf6 44. Bd7 Ke7 45. Bc6 Kd6 46. Kg3 f6 47. Kg4 Ne6 48. Bg2 Ke5 49. Bc6 f5+ 50. Kg3 Nd4 51. Be8 Kd5 52. h4 gxh4+ 53. Kxh4 f4 54. Kh3 f3 55. Kg3 Ke4 56. Kf2 Kd3 57. Bd7 Kc4 58. Ke3 Nxb5 59. Kxf3 Nd4+ 60. Ke3 c5 61. Kd2 b5 62. Be8 Kb3 63. Kd3 Kb4 64. Bd7 Nb3 65. Be8 c4+ 66. Kc2 Nd4+ 67. Kc1 Kc3 68. Bg6 b4 69. Bf7 Nb3+ 70. Kb1 Nd2+ 71. Ka1 b3 72. Bg6 b2+ 73. Ka2 b1Q+ 74. Bxb1 Nxb1 75. Kxb1 Kd2 0-1

[Event "IND-ch U12 Girls"]
[Site "Srinivasapura"]
[Date "2022.04.13"]
[Round "9"]
[White "Shriyana, S Mallya"]
[Black "Shreya, G Hipparagi"]
[Result "0-1"]
[WhiteElo "1277"]
[BlackElo "1552"]
[PlyCount "112"]
[EventDate "2022.04.09"]
[EventType "swiss"]
[EventRounds "11"]
[EventCountry "IND"]
[SourceTitle "EXT 2023"]
[Source "ChessBase"]
[SourceDate "2022.10.05"]
[SourceVersion "1"]
[SourceVersionDate "2022.10.05"]
[SourceQuality "1"]

1. e4 c5 2. Nc3 Nc6 3. f4 g6 4. Nf3 Bg7 5. Bb5 Nd4 6. 0-0 a6 7. Bd3 e6 8. e5 Nxf3+ 9. Qxf3 d5 10. b3 b5 11. Kh1 Ne7 12. a4 b4 13. Ne2 0-0 14. c3 f6 15. exf6 Bxf6 16. Rb1 Bb7 17. Qh3 Qd6 18. cxb4 cxb4 19. Ng3 e5 20. Bb2 exf4 21. Bxf6 Rxf6 22. Ne2 Raf8 23. Nd4 Nc6 24. Nf3 Ne5 25. Ng5 Qd7 26. Qxd7 Nxd7 27. Rfe1 Nc5 28. Bc2 d4 29. Ne4 Rc6 30. Nf2 f3 31. g3 d3 32. Bd1 Re6 33. Rxe6 Nxe6 34. Rc1 Ng5 35. Kg1 Re8 36. Kf1 a5 37. Rc5 Ne6 38. Re5 Kf7 39. Nxd3 Ba6 40. Rd5 Rd8 41. Rxd8 Nxd8 42. Bc2 Nc6 43. Ke1 Nd4 44. Kd1 Bxd3 45. Bxd3 Kf6 46. Bc4 f2 47. Ba6 Nxb3 48. Ke2 Nc5 49. Bc4 Nxa4 50. Kxf2 Nb6 51. Ba2 a4 52. Ke2 b3 53. Bb1 a3 54. Kd1 a2 55. Bxa2 bxa2 56. Kc2 a1Q 0-1

[Event "Titled Tuesday intern op 24th Nov"]
[Site "Chess.com INT"]
[Date "2020.11.24"]
[Round "6"]
[White "Jogstad, Daniel"]
[Black "Shriyana, S Mallya"]
[Result "1-0"]
[WhiteElo "2181"]
[BlackElo "1277"]
[PlyCount "101"]
[EventDate "2020.11.24"]
[EventType "swiss (blitz)"]
[EventRounds "11"]
[EventCountry "USA"]
[SourceTitle "CBM 199 Extra"]
[Source "ChessBase"]
[SourceDate "2021.01.31"]
[SourceVersion "1"]
[SourceVersionDate "2021.01.31"]
[SourceQuality "1"]

1. e4 e5 2. Nf3 Nc6 3. Bc4 Bc5 4. c3 Nf6 5. d3 d6 6. 0-0 h6 7. d4 exd4 8. cxd4 Bb6 9. e5 dxe5 10. dxe5 Nd7 11. e6 fxe6 12. Bxe6 Nf6 13. Qe2 Ne7 14. Rd1 Qxd1+ 15. Qxd1 Bxe6 16. Qe2 Bf7 17. Nc3 Rd8 18. Bf4 Rd7 19. Ne5 Rd8 20. Nxf7 Kxf7 21. Re1 Rhe8 22. Qe6+ Kf8 23. Bxh6 Neg8 24. Qxe8+ Rxe8 25. Rxe8+ Nxe8 26. Bf4 Ngf6 27. Kf1 Nd6 28. f3 Nc4 29. b3 Ne3+ 30. Bxe3 Bxe3 31. Ke2 Bd4 32. Nb5 Bb6 33. Kd3 Ke7 34. g4 a6 35. Nc3 Kd6 36. h3 Nd5 37. Ne2 Nb4+ 38. Ke4 Nxa2 39. Kf5 Ke7 40. Kg6 Kf8 41. h4 Nb4 42. h5 Nd3 43. f4 Nc5 44. g5 Nxb3 45. h6 gxh6 46. gxh6 Kg8 47. Ng3 Kh8 48. Ne4 Bd4 49. h7 Nc1 50. Ng5 Ne2 51. Nf7# 1-0

[Event "Titled Tuesday intern op 27th Oct"]
[Site "Chess.com INT"]
[Date "2020.10.27"]
[Round "7"]
[White "Idrisov, Ildar F"]
[Black "Shriyana, S Mallya"]
[Result "1-0"]
[WhiteElo "2282"]
[BlackElo "1277"]
[PlyCount "78"]
[EventDate "2020.10.27"]
[EventType "swiss (blitz)"]
[EventRounds "11"]
[EventCountry "USA"]
[SourceTitle "CBM 199 Extra"]
[Source "ChessBase"]
[SourceDate "2021.01.31"]
[SourceVersion "1"]
[SourceVersionDate "2021.01.31"]
[SourceQuality "1"]

1. Nf3 Nf6 2. b3 e6 3. Bb2 d5 4. e3 Be7 5. d4 Nc6 6. Bd3 b6 7. Nbd2 Bb7 8. a3 Qd7 9. 0-0 0-0-0 10. Qe2 h5 11. Ba6 Kb8 12. Bxb7 Kxb7 13. c4 dxc4 14. bxc4 g5 15. Nxg5 Bd6 16. d5 Ne5 17. f4 Nh7 18. Nxh7 Rxh7 19. fxe5 Be7 20. Qf3 exd5 21. cxd5 Qxd5 22. Qxd5+ Rxd5 23. Ne4 Rg7 24. Rad1 Rb5 25. Bc1 h4 26. Rd7 Bc5 27. Nxc5+ Rxc5 28. e6 h3 29. g3 Rg8 30. exf7 Rf8 31. Re7 Rc2 32. e4 Rg2+ 33. Kh1 Kc6 34. Bh6 Rh8 35. f8Q Rxf8 36. Bxf8 Kd6 37. Rh7+ Ke6 38. Rxh3 Ra2 39. Rh5 Kd7 1-0

[Event "Titled Tuesday intern op 27th Oct"]
[Site "Chess.com INT"]
[Date "2020.10.27"]
[Round "11"]
[White "Idrisova, Roza"]
[Black "Shriyana, S Mallya"]
[Result "1-0"]
[WhiteElo "1960"]
[BlackElo "1277"]
[PlyCount "59"]
[EventDate "2020.10.27"]
[EventType "swiss (blitz)"]
[EventRounds "11"]
[EventCountry "USA"]
[SourceTitle "CBM 199 Extra"]
[Source "ChessBase"]
[SourceDate "2021.01.31"]
[SourceVersion "1"]
[SourceVersionDate "2021.01.31"]
[SourceQuality "1"]

1. d4 d5 2. Nf3 Nf6 3. Bg5 e6 4. Nbd2 Be7 5. e3 Nbd7 6. Bd3 h6 7. Bh4 b6 8. 0-0 Bb7 9. c4 c6 10. Rc1 0-0 11. a3 dxc4 12. Nxc4 b5 13. Nce5 Nxe5 14. Nxe5 Rc8 15. b4 Nd7 16. Bxe7 Qxe7 17. Nxd7 Qxd7 18. Bb1 f5 19. Rc5 Qf7 20. Ba2 Qg6 21. Qf3 Kh7 22. Rfc1 Kh8 23. Re5 c5 24. Qxb7 c4 25. Qxb5 c3 26. Rxe6 Qg5 27. Qe5 c2 28. f4 Qh5 29. Kf2 Qd1 30. Rxh6# 1-0

[Event "Titled Tuesday intern op 27th Oct"]
[Site "Chess.com INT"]
[Date "2020.10.27"]
[Round "2"]
[White "Kaminski, Victor Kazimierz"]
[Black "Shriyana, S Mallya"]
[Result "1-0"]
[WhiteElo "2247"]
[BlackElo "1277"]
[PlyCount "167"]
[EventDate "2020.10.27"]
[EventType "swiss (blitz)"]
[EventRounds "11"]
[EventCountry "USA"]
[SourceTitle "CBM 199 Extra"]
[Source "ChessBase"]
[SourceDate "2021.01.31"]
[SourceVersion "1"]
[SourceVersionDate "2021.01.31"]
[SourceQuality "1"]

1. d4 d5 2. Nf3 Nf6 3. c4 e6 4. g3 Be7 5. Bg2 0-0 6. 0-0 Nbd7 7. Qc2 dxc4 8. Qxc4 Nb6 9. Qc2 c6 10. e4 h6 11. Nc3 Nh7 12. Rd1 f5 13. Ne5 Qe8 14. a4 a5 15. Qb3 Nd7 16. Qxe6+ Rf7 17. Qxf7+ Qxf7 18. Nxf7 Kxf7 19. exf5 Ndf6 20. Bh3 Nd5 21. Nxd5 cxd5 22. Bg2 Bxf5 23. Bxd5+ Be6 24. Bxb7 Rb8 25. Bg2 Bb3 26. Rd3 Bc4 27. Rc3 Be6 28. d5 Bf5 29. Bf4 Rxb2 30. d6 Bd8 31. Rc8 Bxc8 32. Rc1 Be6 33. h4 g5 34. hxg5 hxg5 35. Be5 Rb4 36. Bc6 Rc4 37. Rxc4 Bxc4 38. f4 gxf4 39. gxf4 Nf6 40. Kf2 Ng4+ 41. Kf3 Nxe5+ 42. fxe5 Ke6 43. Ke4 Bf1 44. Bd5+ Kd7 45. Kd4 Bb6+ 46. Kc3 Be2 47. Kd2 Bg4 48. Kd3 Be6 49. Ke4 Bh3 50. Bc4 Bg2+ 51. Kf5 Bh3+ 52. Kf6 Bd4 53. Bb5+ Kd8 54. Bc6 Bc3 55. Bb5 Bg2 56. Ke6 Bh3+ 57. Kf6 Bd4 58. Bc4 Bc3 59. Be6 Bxe6 60. Kxe6 Ke8 61. Kd5 Kd7 62. e6+ Kd8 63. Kc6 Bd4 64. e7+ Ke8 65. Kc7 Be5 66. Kc6 Bd4 67. d7+ Kxe7 68. Kc7 Be5+ 69. Kc8 Ke6 70. d8Q Kf5 71. Qxa5 Ke4 72. Qb5 Bd4 73. a5 Ke3 74. a6 Ke4 75. Qb7+ Kd3 76. a7 Kd2 77. a8Q Ba7 78. Qaxa7 Ke2 79. Qd5 Kf1 80. Qe7 Kf2 81. Qde6 Kf3 82. Q6f6+ Kg3 83. Qeg7+ Kh3 84. Qfh6# 1-0

[Event "Titled Tuesday intern op 27th Oct"]
[Site "Chess.com INT"]
[Date "2020.10.27"]
[Round "6"]
[White "Shriyana, S Mallya"]
[Black "Aslanov, Umid Fuad"]
[Result "0-1"]
[WhiteElo "1277"]
[BlackElo "2019"]
[PlyCount "74"]
[EventDate "2020.10.27"]
[EventType "swiss (blitz)"]
[EventRounds "11"]
[EventCountry "USA"]
[SourceTitle "CBM 199 Extra"]
[Source "ChessBase"]
[SourceDate "2021.01.31"]
[SourceVersion "1"]
[SourceVersionDate "2021.01.31"]
[SourceQuality "1"]

1. e4 c5 2. Nc3 d6 3. f4 Nc6 4. Nf3 e6 5. Bb5 Be7 6. 0-0 Nf6 7. d3 0-0 8. Qe1 Nb4 9. Qf2 a6 10. Ba4 b5 11. Bb3 Bb7 12. e5 dxe5 13. fxe5 Nd7 14. Qg3 Bxf3 15. Rxf3 Qc7 16. Bh6 Qxe5 17. Bf4 Qd4+ 18. Be3 Qh4 19. Raf1 Qxg3 20. Rxg3 Kh8 21. Ne4 a5 22. a3 Nd5 23. Bxd5 exd5 24. Ng5 Bxg5 25. Bxg5 f6 26. Bf4 Rfe8 27. Bd6 Re6 28. Bc7 a4 29. Bf4 Rae8 30. Rh3 Re2 31. Rf2 c4 32. dxc4 bxc4 33. Rxe2 Rxe2 34. Rc3 Nc5 35. Bd6 Ne4 36. Kf1 Nxc3 37. bxc3 Rxc2 0-1

[Event "Titled Tuesday intern op 27th Oct"]
[Site "Chess.com INT"]
[Date "2020.10.27"]
[Round "4"]
[White "Yanayt, Eugene"]
[Black "Shriyana, S Mallya"]
[Result "0-1"]
[WhiteElo "2173"]
[BlackElo "1277"]
[PlyCount "64"]
[EventDate "2020.10.27"]
[EventType "swiss (blitz)"]
[EventRounds "11"]
[EventCountry "USA"]
[SourceTitle "CBM 199 Extra"]
[Source "ChessBase"]
[SourceDate "2021.01.31"]
[SourceVersion "1"]
[SourceVersionDate "2021.01.31"]
[SourceQuality "1"]

1. d4 d5 2. c4 e6 3. Nc3 Nf6 4. cxd5 Nxd5 5. e4 Nxc3 6. bxc3 Be7 7. Nf3 0-0 8. Bd3 f5 9. exf5 exf5 10. Qb3+ Kh8 11. Ne5 Qe8 12. 0-0 Nd7 13. Bf4 Nxe5 14. Bxe5 Bf6 15. Bxc7 Qc6 16. Qb4 Be6 17. Bf4 a5 18. Qa3 g5 19. Be5 Bxe5 20. dxe5 f4 21. Rfe1 f3 22. Qe7 Rf7 23. Qxg5 Rg8 24. Qh4 Rxg2+ 25. Kh1 Rfg7 26. Be4 Qxc3 27. Bxf3 Qxf3 28. Qd8+ Rg8 29. Qf6+ Qxf6 30. exf6 Bd5 31. h3 Rg1+ 32. Kh2 R8g2# 0-1

[Event "Titled Tuesday intern op 20th Oct"]
[Site "Chess.com INT"]
[Date "2020.10.20"]
[Round "5"]
[White "Shriyana, S Mallya"]
[Black "Belenkaya, Dina"]
[Result "0-1"]
[WhiteElo "1277"]
[BlackElo "2297"]
[PlyCount "78"]
[EventDate "2020.10.20"]
[EventType "swiss (blitz)"]
[EventRounds "11"]
[EventCountry "USA"]
[SourceTitle "EXT 2022"]
[Source "ChessBase"]
[SourceDate "2021.10.06"]
[SourceVersion "1"]
[SourceVersionDate "2021.10.06"]
[SourceQuality "1"]

1. e4 d5 2. exd5 Qxd5 3. Nc3 Qa5 4. d4 Nf6 5. Nf3 c6 6. Bd2 Bf5 7. Bd3 Bxd3 8. cxd3 e6 9. 0-0 Qb6 10. b3 Nbd7 11. Ne4 Be7 12. Bf4 0-0 13. Nd6 Nd5 14. Bg3 Bf6 15. Ne4 Bxd4 16. Nxd4 Qxd4 17. Qg4 f5 18. Qh3 fxe4 19. Qxe6+ Rf7 20. dxe4 N5f6 21. Rad1 Qxe4 22. Qxe4 Nxe4 23. Rfe1 Nxg3 24. fxg3 Raf8 25. h3 Nb6 26. a4 Nd5 27. Rd3 Rf2 28. Kh2 Rb2 29. h4 Rff2 30. Re8+ Kf7 31. Rb8 Rxg2+ 32. Kh3 Rh2+ 33. Kg4 Nf6+ 34. Kf3 Rhf2+ 35. Ke3 c5 36. Rxb7+ Ke6 37. Rxa7 Ng4+ 38. Ke4 Rbe2+ 39. Re3 Rxe3# 0-1

[Event "Titled Tuesday intern op 20th Oct"]
[Site "Chess.com INT"]
[Date "2020.10.20"]
[Round "10"]
[White "Shriyana, S Mallya"]
[Black "Hernandez, Gustavo2222"]
[Result "0-1"]
[WhiteElo "1277"]
[BlackElo "2253"]
[PlyCount "52"]
[EventDate "2020.10.20"]
[EventType "swiss (blitz)"]
[EventRounds "11"]
[EventCountry "USA"]
[SourceTitle "EXT 2022"]
[Source "ChessBase"]
[SourceDate "2021.10.06"]
[SourceVersion "1"]
[SourceVersionDate "2021.10.06"]
[SourceQuality "1"]

1. e4 c6 2. d4 d5 3. e5 Bf5 4. Bd3 Bxd3 5. Qxd3 Qa5+ 6. Bd2 Qa6 7. Qh3 e6 8. Nf3 Ne7 9. Nc3 Nd7 10. Ng5 h6 11. Nf3 c5 12. dxc5 Ng6 13. 0-0-0 Bxc5 14. Be3 Bxe3+ 15. fxe3 Rc8 16. Nd4 Rxc3 17. bxc3 Ngxe5 18. Kd2 Nc5 19. Ke1 Ne4 20. Rf1 0-0 21. Qh5 f5 22. Nf3 Ng4 23. Rd3 Qxa2 24. Ke2 Qxc2+ 25. Nd2 Nxc3+ 26. Ke1 Qd1# 0-1

[Event "Titled Tuesday intern op 13th Oct"]
[Site "Chess.com INT"]
[Date "2020.10.13"]
[Round "2"]
[White "Shriyana, S Mallya"]
[Black "Mohammad Fahad, Rahman"]
[Result "0-1"]
[WhiteElo "1277"]
[BlackElo "2319"]
[PlyCount "82"]
[EventDate "2020.10.13"]
[EventType "swiss (blitz)"]
[EventRounds "10"]
[EventCountry "USA"]
[SourceTitle "CBM 198 Extra"]
[Source "ChessBase"]
[SourceDate "2020.11.30"]
[SourceVersion "1"]
[SourceVersionDate "2020.11.30"]
[SourceQuality "1"]

1. e4 c5 2. Nc3 d6 3. f4 Nf6 4. Nf3 g6 5. Bb5+ Nc6 6. 0-0 Bg7 7. d3 0-0 8. Qe1 Nd4 9. Nxd4 cxd4 10. Nd5 Nxd5 11. exd5 a6 12. Ba4 b5 13. Bb3 Bf5 14. Bd2 Qd7 15. a4 h5 16. axb5 axb5 17. Qg3 Kh7 18. h3 Bf6 19. Qf3 Rfc8 20. Kf2 h4 21. g4 hxg3+ 22. Qxg3 Kg7 23. h4 Rh8 24. Rxa8 Bxh4 25. Rxh8 Bxg3+ 26. Kxg3 Kxh8 27. Rh1+ Kg7 28. c3 Bxd3 29. cxd4 Be2 30. Bc3 Qg4+ 31. Kf2 Qf3+ 32. Ke1 Qxh1+ 33. Kxe2 Qh2+ 34. Kd3 Qxf4 35. Bd2 Qf3+ 36. Kc2 f5 37. Ba2 f4 38. Bb1 g5 39. b3 g4 40. Kb2 g3 41. Bf5 g2 0-1

[Event "Titled Tuesday intern op 06th Oct"]
[Site "Chess.com INT"]
[Date "2020.10.06"]
[Round "8"]
[White "Ardila, Oscar Humberto"]
[Black "Shriyana, S Mallya"]
[Result "1-0"]
[WhiteElo "2017"]
[BlackElo "1277"]
[PlyCount "49"]
[EventDate "2020.10.06"]
[EventType "swiss (blitz)"]
[EventRounds "10"]
[EventCountry "USA"]
[SourceTitle "CBM 198 Extra"]
[Source "ChessBase"]
[SourceDate "2020.11.30"]
[SourceVersion "1"]
[SourceVersionDate "2020.11.30"]
[SourceQuality "1"]

1. d4 d5 2. Nf3 Nf6 3. c4 e6 4. cxd5 exd5 5. Nc3 Be6 6. Bg5 Be7 7. e3 0-0 8. Bd3 Nbd7 9. 0-0 b6 10. Qc2 c5 11. Ne5 h6 12. Bh4 Nxe5 13. dxe5 Nd7 14. Bxe7 Qxe7 15. f4 Rac8 16. f5 d4 17. fxe6 Nxe5 18. exf7+ Rxf7 19. Nd5 Qg5 20. Rxf7 Kxf7 21. Rf1+ Ke8 22. Bf5 Rc6 23. Qe4 Kd8 24. Qxe5 Rf6 25. Qe7# 1-0

[Event "Titled Tuesday intern op 06th Oct"]
[Site "Chess.com INT"]
[Date "2020.10.06"]
[Round "3"]
[White "Shriyana, S Mallya"]
[Black "Atanasov, Anthony"]
[Result "0-1"]
[WhiteElo "1277"]
[BlackElo "2205"]
[PlyCount "94"]
[EventDate "2020.10.06"]
[EventType "swiss (blitz)"]
[EventRounds "10"]
[EventCountry "USA"]
[SourceTitle "CBM 198 Extra"]
[Source "ChessBase"]
[SourceDate "2020.11.30"]
[SourceVersion "1"]
[SourceVersionDate "2020.11.30"]
[SourceQuality "1"]

1. e4 c5 2. Nc3 d6 3. f4 Nf6 4. Nf3 Nc6 5. Bb5 Bd7 6. 0-0 a6 7. Bxc6 Bxc6 8. d3 e5 9. fxe5 dxe5 10. Nxe5 Qd4+ 11. Kh1 Qxe5 12. Bf4 Qh5 13. Qe1 0-0-0 14. Qf2 c4 15. Qb6 Bd6 16. Bxd6 Rxd6 17. Qb4 Ng4 18. h3 Qe5 19. hxg4 h5 20. g5 h4 21. Rf5 Qg3 22. Rf3 Qe5 23. Rf5 Qe6 24. Raf1 h3 25. g3 cxd3 26. cxd3 Rxd3 27. Rxf7 Rxc3 28. Rf8+ Rxf8 29. Rxf8+ Kc7 30. bxc3 Qxa2 31. Qe7+ Kb6 32. Qb4+ Ka7 33. Qd4+ b6 34. Rf7+ Qxf7 35. g6 Qf1+ 36. Qg1 Qg2+ 37. Qxg2 hxg2+ 38. Kxg2 Bxe4+ 39. Kf2 Bxg6 40. Ke3 a5 41. Kd4 Kb7 42. Kc4 Kc6 43. g4 Be8 44. Kb3 g5 45. c4 Bd7 46. Ka4 Kc5+ 47. Kb3 Bxg4 0-1

[Event "Titled Tuesday intern op 29th Sept"]
[Site "Chess.com INT"]
[Date "2020.09.29"]
[Round "6"]
[White "Belova, Olga"]
[Black "Shriyana, S Mallya"]
[Result "1/2-1/2"]
[WhiteElo "2069"]
[BlackElo "1277"]
[PlyCount "148"]
[EventDate "2020.09.29"]
[EventType "swiss (blitz)"]
[EventRounds "10"]
[EventCountry "USA"]
[SourceTitle "CBM 198 Extra"]
[Source "ChessBase"]
[SourceDate "2020.11.30"]
[SourceVersion "1"]
[SourceVersionDate "2020.11.30"]
[SourceQuality "1"]

1. d4 d5 2. Nc3 e6 3. e4 Nf6 4. Bg5 dxe4 5. Nxe4 Be7 6. Bxf6 Bxf6 7. Qd3 Nc6 8. c3 a5 9. Qg3 0-0 10. Bd3 Be7 11. Nf3 h6 12. 0-0 f5 13. Ned2 Bd6 14. Ne5 Bxe5 15. dxe5 Nxe5 16. Qxe5 Qxd3 17. Rad1 Qd5 18. Qxc7 Qc6 19. Qxc6 bxc6 20. Nc4 Ba6 21. b3 a4 22. Rd6 axb3 23. axb3 Rfe8 24. Rxc6 Bb5 25. Rc5 Rab8 26. Re1 Bxc4 27. bxc4 Kf7 28. Rc7+ Re7 29. Rc6 Kf6 30. g3 g5 31. c5 Rb5 32. Kg2 f4 33. gxf4 gxf4 34. Kf3 Kf5 35. Rd1 Rb3 36. Rd3 e5 37. Rd8 Rxc3+ 38. Ke2 Rc2+ 39. Ke1 f3 40. Rxh6 Rxc5 41. Rh4 Rb7 42. Rf8+ Kg5 43. Re4 Rb2 44. Rd8 Rc1+ 45. Rd1 Rxd1+ 46. Kxd1 Kf5 47. Re3 Rxf2 48. h4 Rh2 49. Rxf3+ Kg4 50. Re3 Kf4 51. Re2 Rxh4 52. Kd2 e4 53. Rf2+ Ke5 54. Ke2 Kd4 55. Rf6 Rh3 56. Rd6+ Ke5 57. Rd8 Rh2+ 58. Ke3 Rh3+ 59. Ke2 Kf4 60. Rf8+ Kg5 61. Rg8+ Kf6 62. Re8 Kf5 63. Rf8+ Ke6 64. Re8+ Kd5 65. Rd8+ Ke5 66. Re8+ Kd4 67. Rd8+ Kc4 68. Re8 Kd5 69. Rd8+ Kc5 70. Re8 Kd4 71. Rd8+ Ke5 72. Re8+ Kf5 73. Rf8+ Ke6 74. Re8+ Kd5 1/2-1/2

[Event "Titled Tuesday intern op 29th Sept"]
[Site "Chess.com INT"]
[Date "2020.09.29"]
[Round "10"]
[White "Kislov, Oleg"]
[Black "Shriyana, S Mallya"]
[Result "1-0"]
[WhiteElo "2249"]
[BlackElo "1277"]
[PlyCount "55"]
[EventDate "2020.09.29"]
[EventType "swiss (blitz)"]
[EventRounds "10"]
[EventCountry "USA"]
[SourceTitle "CBM 198 Extra"]
[Source "ChessBase"]
[SourceDate "2020.11.30"]
[SourceVersion "1"]
[SourceVersionDate "2020.11.30"]
[SourceQuality "1"]

1. e4 e5 2. Nf3 Nc6 3. d4 exd4 4. Nxd4 Bc5 5. Be3 Qf6 6. c3 Nge7 7. Bc4 0-0 8. 0-0 b6 9. Nxc6 Qxc6 10. Bxc5 Qxc5 11. Nd2 Bb7 12. b4 Qg5 13. f4 Qf6 14. e5 Qg6 15. Nf3 d5 16. exd6 cxd6 17. Qd2 Rac8 18. Bb3 Qf6 19. Nd4 Qg6 20. Rae1 Rxc3 21. Rxe7 Rd3 22. Qf2 Rxd4 23. Rxb7 Rxb4 24. Qe1 Re4 25. Qc3 Re2 26. Qf3 Rd2 27. Rxf7 Rxf7 28. Qa8# 1-0

[Event "Titled Tuesday intern op 29th Sept"]
[Site "Chess.com INT"]
[Date "2020.09.29"]
[Round "8"]
[White "Shriyana, S Mallya"]
[Black "Ardila, Oscar Humberto"]
[Result "1/2-1/2"]
[WhiteElo "1277"]
[BlackElo "2017"]
[PlyCount "183"]
[EventDate "2020.09.29"]
[EventType "swiss (blitz)"]
[EventRounds "10"]
[EventCountry "USA"]
[SourceTitle "CBM 198 Extra"]
[Source "ChessBase"]
[SourceDate "2020.11.30"]
[SourceVersion "1"]
[SourceVersionDate "2020.11.30"]
[SourceQuality "1"]

1. e4 e5 2. Nf3 Nc6 3. d4 exd4 4. Nxd4 Nf6 5. Nc3 Bb4 6. Nxc6 bxc6 7. Bd3 d5 8. exd5 cxd5 9. 0-0 0-0 10. Bg5 c6 11. h3 Bd6 12. Qf3 h6 13. Bxf6 Qxf6 14. Qxf6 gxf6 15. Rad1 Be5 16. f4 Bd4+ 17. Kh2 Rb8 18. Bh7+ Kxh7 19. Rxd4 Rxb2 20. Rd2 Bf5 21. Rff2 d4 22. Rxd4 Rxc2 23. Rxc2 Bxc2 24. Rd6 c5 25. Rxf6 Kg7 26. Rc6 Rd8 27. Rxc5 Rd2 28. Ra5 Rd3 29. Ne4 Rd4 30. Ng3 Rd7 31. f5 Kf6 32. Nh5+ Kg5 33. Ng3 f6 34. Nf1 Bxf5 35. g4 Rd1 36. Rxf5+ Kg6 37. Ne3 Rd2+ 38. Kg3 Rxa2 39. h4 Ra3 40. Kf3 a5 41. h5+ Kg7 42. Kf4 Ra4+ 43. Kf3 Ra1 44. Nc4 a4 45. Ra5 Kf7 46. Nb6 a3 47. Nc4 a2 48. Kg2 Ke6 49. Nd2 Kd6 50. Nb3 Rb1 51. Ra6+ Ke5 52. Rxa2 Rxb3 53. Ra4 Rd3 54. Rb4 Re3 55. Kf2 Ra3 56. Rc4 Kd5 57. Rf4 Ke5 58. Rf5+ Ke6 59. Rb5 Rh3 60. Kg2 Rc3 61. Ra5 Kd6 62. Rb5 Re3 63. Rf5 Ke6 64. Ra5 Re5 65. Rxe5+ fxe5 66. Kf3 Kf6 67. Ke4 Kg5 68. Kf3 e4+ 69. Kxe4 Kxg4 70. Ke3 Kxh5 71. Kf2 Kh4 72. Kg2 Kg4 73. Kh2 Kf3 74. Kg1 Kg3 75. Kh1 Kh3 76. Kg1 h5 77. Kf2 Kh2 78. Kf1 Kh1 79. Kf2 h4 80. Kf1 Kh2 81. Kf2 Kh3 82. Kg1 Kg3 83. Kh1 h3 84. Kg1 Kh4 85. Kh1 Kg4 86. Kg1 Kg3 87. Kh1 Kf3 88. Kh2 Kg4 89. Kg1 Kg3 90. Kh1 Kh4 91. Kh2 Kg4 92. Kg1 1/2-1/2